Представление документа в формате RUSMARC

ПолеНазваниеЗначение
  Тип записи a
  Библиографический уровень m
001 Контрольный номер RU/SLIB/B/212857902
005 Дата корректировки 20201206204427.6
010 Индекс ISBN __
d Цена 25-00
101 Язык документа 0_
a Язык текста rus
c Язык оригинала rus
200 Заглавие и сведения об ответственности 1_
a Заглавие Вокально-хоровые дисциплины
e Сведения, относящиеся к заглавию учеб.-метод. материалы для студентов заоч. обучения по спец. 030700 - Муз. образование
f Первые сведения об ответственности сост. Н. М. Провозина ; Югор. гос. ун-т, Каф. музык. образования
b Общее обозначение материала Текст
210 Выходные данные __
a Место издания Ханты-Мансийск
c Издательство РИЦ ЮГУ
d Дата издания 2004
215 Физическое описание __
a Объем 28 с.
330 Аннотация __
a Аннотация Учебно-методические материалы. Определены цель, задачи учебных курсов, формы организации занятий.
606 Тематические рубрики __
a Основная рубрика Музыка и зрелищные искусства
606 Тематические рубрики __
a Основная рубрика Музыка в целом
610 Ключевые слова __
a Ключевые слова вокальные ансамбли; хоровые коллективы; хоровые произведения; сольное пение
686 Индексы других классификаций __
a Классификационный индекс 85.31я73
702 Вторичная интеллектуальная ответственность _1
a Фамилия Провозина
b Имя Н. М.
4 Код отношения Составитель
4 Код отношения 220
801 Источник записи _0
a Страна RU
b Организация Муниципальное бюджетное учреждение культуры "Централизованная библиотечная система" г. Сургут (Центральная городская библиотека им. А. С. Пушкина)
g Правила каталогизации КиК/Елгина
801 Источник записи _1
a Страна RU
b Организация Муниципальное бюджетное учреждение культуры "Централизованная библиотечная система" г. Сургут (Центральная городская библиотека им. А. С. Пушкина)
g Правила каталогизации КиК/Елгина
852 Данные о местонахождении __
j Шифр хранения 85.31я73
c Каталожный индекс К85.31я73
i Авторский знак В 66
901 Тип документа __
t Тип документа m
903 Характеристики (МАРС) __
a Дата передачи 20061005
969 Тип издания __
a Тип издания учебное пособие
990 Данные о заказе (DOS) 00
j Количество экземпляров (DOS) 1
h N записи в КСУ для Б/У (DOS) 200611